000 00677nam a2200193Ii 4500
003 JO-AjNU
008 230605s9999||||xx |||||||||||||| ||und||
040 _aJO-AjNU
_bara
_erda
_cJO-AjNU
041 _aara
050 1 4 _aPJ7695.8.A1.Q27
100 3 _aأبو ليلى المهلهل، الزير سالم,
_eauthor
_956754
245 0 0 _aقصة الزير سالم أبو ليلى المهلهل
264 3 1 _aبيروت: دار الكتب العلمية، د.ت
300 _a160ص
336 _atext
_btxt
_2rdacontent
337 _aunmediated
_bn
_2rdamedia
338 _avolume
_bnc
_2rdacarrier
650 4 _aالقصص الشعبية - البلاد العربية
_956755
999 _aA25393
_c28961
_d28961